| 000 | 00000nam 2200000za 4500 |
| 001 | 9.590242 |
| 003 | CaOODSP |
| 005 | 20210624200030 |
| 007 | cr ||||||||||| |
| 008 | 150406s2002 onc|||||o f|0| 0 fre d |
| 020 | |a0-660-62178-9 |
| 040 | |aCaOODSP|bfre |
| 041 | |aeng |
| 041 | |afre |
| 043 | |an-cn--- |
| 086 | 1 |aS52-2/248-2002-IN |
| 110 | 1 |aCanada.|bTravaux publics et Services gouvernementaux Canada.|bBureau de la traduction. |
| 245 | 10|aLexique des instruments gyroscopiques |h[ressource électronique]. |
| 260 | |aOttawa : |bTravaux publics et Services gouvernementaux Canada, |c2002. |
| 300 | |a247 p. : |bglossaire. |
| 490 | 1 |aBulletin de terminologie ; |vN° 248 |
| 500 | |a«...destiné principalement aux traducteurs techniques et aux autres langagiers qui oeuvrent dans les domaines de l'aéronautique, de l'aérospatiale et de l'astronautique.»--Avant-propos. Le n° de catalogue (S52-2/248-2002) et ISBN (0-660-62177-0) pour l'édition imprimée ont été incorrectement copiés dans cette édition PDF. |
| 504 | |aBibliographie. |
| 590 | |a14-15-Supp|b2014-09-04 |
| 691 | 07|aTerminologie|2gcpds |
| 691 | 07|aPersonne handicapée|2gcpds |
| 791 | |tGyroscopic instruments glossary |eeng|w(CaOODSP)9.590241 |
| 830 | #0|aBulletin de terminologie ;|vN° 248|w(CaOODSP)9.500140 |
| 856 | 40|ahttp://publications.gc.ca|qPDF|s554 Ko|uhttps://publications.gc.ca/collections/collection_2007/pwgsc-tpsgc/S52-2-248-2002.pdf |